El 11 de noviembre como punto de partida

Salvato in:
Dettagli Bibliografici
Natura: testo
Soggetti:
Tags: Aggiungi Tag
Nessun Tag, puoi essere il primo ad aggiungerne!!

MARC

LEADER 00000 a a2200000 04500
001 6894
003
040
245 |a El 11 de noviembre como punto de partida  
650 |a POLITICA  
650 |a PARTIDOS POLITICOS  
650 |a GUERRA  
650 |a SOCIEDAD  
650 |a EL SALVADOR  
773 |g volumen 28, número 1266; páginas 5-6  
999 |c 25558  |d 25558